00746nam a2200145Ia 4500008004100000050002900041100002400070245028600094260004500380300004100425500005600466650002600522650002600548650002600574150609s9999 xx 000 0 und d aBF 432.5.C64b.B363 2014 aBanaban, Ann Erika. aGrit factor and its correlation to cognitive achievement, clinical performance and professional aptitude among fourth year nursing students of Southville international school and colleges / cAnn Erika Banaban, Daniel Cabacoy, Katrina Catig, Alexandra Del Rosario, and Aries Ercia. aLas Piñas, Philippines :bSISC,c2014. a55 pages : billustrations ;c28 cm. aIncludes bibliographical references and appendices. aClinical Performance  aCognitive Achievement aProfessional Aptitude